Southville International School and Colleges
Your cart is empty.
  • Cart
  • Lists
    Public lists Eva Luna New books Lux_list list_1
    Your lists Log in to create your own lists
  • Log in to your account
  • Your cookies
  • Search history
Southville International School and Colleges
  • Advanced search
  • Recent comments
  • Most popular
  • Libraries

Log in to your account

Log in with GOOGLE


If you do not have an external account, but do have a local account, you can still log in:

  1. Home
  2. MARC view: Family violence :
Normal view MARC view ISBD view

Family violence : (Record no. 21790)

[ view plain ]
MARC details
000 -LEADER
fixed length control field 00750nam a2200229 a 4500
005 - DATE AND TIME OF LATEST TRANSACTION
control field 20140310183340.0
008 - FIXED-LENGTH DATA ELEMENTS--GENERAL INFORMATION
fixed length control field 061130s19uu xx 00 eng d
020 ## - INTERNATIONAL STANDARD BOOK NUMBER
International Standard Book Number 0-205-41822-8
050 ## - LIBRARY OF CONGRESS CALL NUMBER
Classification number HV 6626.2
Item number .W35 2005
100 ## - MAIN ENTRY--PERSONAL NAME
Personal name Wallace, Harvey
245 ## - TITLE STATEMENT
Title Family violence :
Remainder of title legal, medical, and social perspectives.
250 ## - EDITION STATEMENT
Edition statement 4th ed.
260 ## - PUBLICATION, DISTRIBUTION, ETC. (IMPRINT)
Place of publication, distribution, etc U.S.A :
Name of publisher, distributor, etc Pearson Education Inc,
Date of publication, distribution, etc 2005.
300 ## - PHYSICAL DESCRIPTION
Extent 422 p. :
Other physical details col. ill. ;
Dimensions 26 cm.
521 ## - TARGET AUDIENCE NOTE
Target audience note
650 ## - SUBJECT ADDED ENTRY--TOPICAL TERM
Topical term or geographic name as entry element Family violence
General subdivision United States.
650 ## - SUBJECT ADDED ENTRY--TOPICAL TERM
Topical term or geographic name as entry element Family social work
General subdivision United States.
650 ## - SUBJECT ADDED ENTRY--TOPICAL TERM
Topical term or geographic name as entry element Family violence
General subdivision Law and legislation
-- United States.
650 ## - SUBJECT ADDED ENTRY--TOPICAL TERM
Topical term or geographic name as entry element Victims of family violence
General subdivision Mental health
-- United States.
942 ## - ADDED ENTRY ELEMENTS (KOHA)
Koha item type Books
Source of classification or shelving scheme Library of Congress Classification
Call number prefix Foreign
Holdings
Withdrawn status Lost status Source of classification or shelving scheme Damaged status Home library Current library Shelving location Date acquired Total Checkouts Full call number Barcode Date last seen Copy number Price effective from Koha item type
    Library of Congress Classification   College Library College Library General Circulation Section 01/13/2014   HV 6626.2 .W35 2005 C7930 05/15/2018 1 01/13/2014 Books

Family violence :

APA

Wallace H., . (2005). Family violence. U.S.A: Pearson Education Inc.

Chicago

Wallace Harvey, . 2005. Family violence. U.S.A: Pearson Education Inc.

Harvard

Wallace H., . (2005). Family violence. U.S.A: Pearson Education Inc.

MLA

Wallace Harvey, . Family violence. U.S.A: Pearson Education Inc. 2005.

  • Place hold
  • Print
  • Cite
  • Add to your cart (remove)
  • Save record
    BIBTEX Dublin Core MARCXML MARC (non-Unicode/MARC-8) MARC (Unicode/UTF-8) MARC (Unicode/UTF-8, Standard) MODS (XML) RIS
  • More searches
    Search for this title in:
    Other Libraries (WorldCat) Other Databases (Google Scholar) Online Stores (Bookfinder.com) Open Library (openlibrary.org)

Exporting to Dublin Core...

SOUTHVILLE LIBRARY

Southville International School and Colleges Library

1281 Tropical Ave. Cor. Luxembourg St., BF Homes International, Las Pinas City

Tel. No. 8256374 / 252358 Loc. 117/146

Powered by Koha